War/ (Record no. 749049)
[ view plain ]
| 000 -LEADER | |
|---|---|
| fixed length control field | 00290nam a22001217a 4500 |
| 020 ## - INTERNATIONAL STANDARD BOOK NUMBER | |
| ISBN | 9781668052273 |
| 082 ## - DEWEY DECIMAL CLASSIFICATION NUMBER | |
| Classification number | 973.934 WOO/W |
| 100 ## - MAIN ENTRY--AUTHOR NAME | |
| Personal name | Woodward,Bob |
| 245 ## - TITLE STATEMENT | |
| Title | War/ |
| Statement of responsibility, etc | by Bob Woodward |
| 260 ## - PUBLICATION, DISTRIBUTION, ETC. (IMPRINT) | |
| Place of publication | . -New York |
| Name of publisher | : Simon & Schuster |
| Year of publication | , 2024 |
| 300 ## - PHYSICAL DESCRIPTION | |
| Number of Pages | 435 pages |
| 942 ## - ADDED ENTRY ELEMENTS (KOHA) | |
| Source of classification or shelving scheme | Dewey Decimal Classification |
| Koha item type | Book |
No items available.
